<?xml version="1.0" encoding="UTF-8"?>
<record
    xmlns:xsi="http://www.w3.org/2001/XMLSchema-instance"
    xsi:schemaLocation="http://www.loc.gov/MARC21/slim http://www.loc.gov/standards/marcxml/schema/MARC21slim.xsd"
    xmlns="http://www.loc.gov/MARC21/slim">

  <leader>00805nab a2200229 uc4500</leader>
  <controlfield tag="001">601715</controlfield>
  <controlfield tag="005">20240207085620.0</controlfield>
  <controlfield tag="008">000615e19991205                    spa  </controlfield>
  <datafield tag="035" ind1=" " ind2=" ">
    <subfield code="a">601715</subfield>
  </datafield>
  <datafield tag="035" ind1=" " ind2=" ">
    <subfield code="a">(OCoLC)819835332</subfield>
  </datafield>
  <datafield tag="040" ind1=" " ind2=" ">
    <subfield code="c">comduadb</subfield>
  </datafield>
  <datafield tag="041" ind1=" " ind2=" ">
    <subfield code="a">spa</subfield>
  </datafield>
  <datafield tag="100" ind1="1" ind2="0">
    <subfield code="a">Llano Cifuentes, Carlos</subfield>
    <subfield code="4">aut</subfield>
    <subfield code="e">aut</subfield>
    <subfield code="9">479546</subfield>
  </datafield>
  <datafield tag="245" ind1="1" ind2="3">
    <subfield code="a">La dimension empirica de la argumentacion metafisica en Tomas de Aquino y Aristoteles</subfield>
  </datafield>
  <datafield tag="650" ind1=" " ind2=" ">
    <subfield code="a">Teor&#xED;a de la argumentaci&#xF3;n</subfield>
    <subfield code="9">49499</subfield>
  </datafield>
  <datafield tag="650" ind1=" " ind2=" ">
    <subfield code="a">Tomas de Aquino, Santo, 1225-1274</subfield>
    <subfield code="9">24945</subfield>
  </datafield>
  <datafield tag="650" ind1=" " ind2="7">
    <subfield code="a">Causalidad</subfield>
    <subfield code="2">lemb</subfield>
    <subfield code="9">16854</subfield>
  </datafield>
  <datafield tag="650" ind1=" " ind2="7">
    <subfield code="a">L&#xF3;gica</subfield>
    <subfield code="2">lemb</subfield>
    <subfield code="9">30095</subfield>
  </datafield>
  <datafield tag="650" ind1=" " ind2="7">
    <subfield code="a">Filosof&#xED;a del lenguaje</subfield>
    <subfield code="2">lemb</subfield>
    <subfield code="9">29404</subfield>
  </datafield>
  <datafield tag="773" ind1="0" ind2=" ">
    <subfield code="t">T&#xF3;picos : Revista de Filosof&#xED;a (M&#xE9;xico)</subfield>
    <subfield code="g">N&#xFA;mero 17, Diciembre 1999, p. 153-198</subfield>
    <subfield code="w">261001</subfield>
    <subfield code="x">0188-6649</subfield>
    <subfield code="0">99113</subfield>
  </datafield>
  <datafield tag="942" ind1=" " ind2=" ">
    <subfield code="c">ARIMP</subfield>
  </datafield>
  <datafield tag="999" ind1=" " ind2=" ">
    <subfield code="c">154392</subfield>
    <subfield code="d">154392</subfield>
  </datafield>
</record>
